[Event "SM-2011-0-00150"]
[Site "LSS email"]
[Date "2011.04.01"]
[Round "?"]
[White "Deghose, Max"]
[Black "Vera, Heraclio"]
[Result "1/2-1/2"]
[WhiteElo "2187"]
[BlackElo "2171"]
[PlyCount "69"]
[EventDate "2011.03.11"]
[EventType "tourn (corr)"]
[EventRounds "6"]
[EventCountry "GER"]
[SourceTitle "Telechess CBM 157"]
[Source "ChessBase"]
[SourceDate "2013.11.12"]
[SourceVersion "1"]
[SourceVersionDate "2013.11.12"]
[SourceQuality "1"]

1. e4 c5 2. Nc3 Nc6 3. Nf3 g6 4. d4 cxd4 5. Nxd4 Bg7 6. Be3 Nf6 7. Bc4 0-0 8. Bb3 d6 9. f3 Na5 10. Qd2 Bd7 11. 0-0-0 Rb8 12. Bh6 b5 13. Bxg7 Kxg7 14. Nd5 Nc4 15. Bxc4 bxc4 16. Nxf6 exf6 17. h4 Qb6 18. Qc3 h5 19. Ne2 Rb7 20. g4 hxg4 21. h5 Rfb8 22. b3 cxb3 23. h6+ Kf8 24. axb3 Qc5 25. fxg4 Bxg4 26. Rd5 Qxc3 27. Nxc3 f5 28. Rg1 Ke7 29. Re1 Kf8 30. Rg1 Ke7 31. Rd4 Ke6 32. h7 Rh8 33. Nd5 Ke5 34. Rd2 Bh3 35. Rg3 1/2-1/2

[Event "SM-2011-0-00150"]
[Site "LSS email"]
[Date "2011.03.31"]
[Round "?"]
[White "Percze, Rajmond"]
[Black "Vera, Heraclio"]
[Result "1-0"]
[WhiteElo "2325"]
[BlackElo "2171"]
[PlyCount "83"]
[EventDate "2011.03.11"]
[EventType "tourn (corr)"]
[EventRounds "6"]
[EventCountry "GER"]
[SourceTitle "Telechess CBM 157"]
[Source "ChessBase"]
[SourceDate "2013.11.12"]
[SourceVersion "1"]
[SourceVersionDate "2013.11.12"]
[SourceQuality "1"]

1. d4 d5 2. c4 c6 3. Nf3 Nf6 4. Nc3 e6 5. e3 Nbd7 6. Bd3 dxc4 7. Bxc4 b5 8. Bd3 a6 9. e4 c5 10. d5 Bb7 11. 0-0 Qc7 12. dxe6 fxe6 13. Bc2 Bd6 14. Ng5 Nf8 15. f4 0-0-0 16. Qe1 e5 17. Nd5 Bxd5 18. exd5 exf4 19. Bd2 Re8 20. Qf2 h6 21. Ne6 Nxe6 22. dxe6 Kb8 23. a4 b4 24. Qe2 g5 25. Bb3 Be5 26. Be1 Bd4+ 27. Bf2 Bxf2+ 28. Rxf2 Ka7 29. Rd1 Rd8 30. Rff1 Rd4 31. Rfe1 Re8 32. Rxd4 cxd4 33. Kf1 Re7 34. Qd3 Qc5 35. Rd1 Rc7 36. Qxd4 Qxd4 37. Rxd4 Rc1+ 38. Rd1 Rxd1+ 39. Bxd1 Nd5 40. Bf3 Ne7 41. a5 Kb8 42. Ke2 1-0

[Event "SM-2011-0-00150"]
[Site "LSS email"]
[Date "2011.03.31"]
[Round "?"]
[White "Vera, Heraclio"]
[Black "Totorat, Udo"]
[Result "0-1"]
[WhiteElo "2171"]
[BlackElo "2206"]
[PlyCount "84"]
[EventDate "2011.03.11"]
[EventType "tourn (corr)"]
[EventRounds "6"]
[EventCountry "GER"]
[SourceTitle "Telechess CBM 157"]
[Source "ChessBase"]
[SourceDate "2013.11.12"]
[SourceVersion "1"]
[SourceVersionDate "2013.11.12"]
[SourceQuality "1"]

1. e4 c5 2. Nf3 d6 3. d4 cxd4 4. Nxd4 Nf6 5. Nc3 a6 6. Bg5 e6 7. f4 Nbd7 8. Qf3 Qc7 9. 0-0-0 b5 10. Bd3 Be7 11. Rhe1 Bb7 12. Qg3 b4 13. Nd5 exd5 14. exd5 Kd8 15. Nc6+ Bxc6 16. dxc6 Nc5 17. Bh4 Rg8 18. Bf5 a5 19. Qe3 Ne6 20. g4 Re8 21. Qf3 Rc8 22. g5 Qxc6 23. Qxc6 Rxc6 24. gxf6 Bxf6 25. Be4 Rc4 26. Bxf6+ gxf6 27. b3 Rd4 28. f5 Rxd1+ 29. Rxd1 Ng5 30. Bc6 Re2 31. Rd2 Re1+ 32. Rd1 Rxd1+ 33. Kxd1 Kc7 34. Bd5 Kb6 35. Bg2 Kc5 36. h4 Kd4 37. hxg5 fxg5 38. Bf3 Ke5 39. Bh5 f6 40. Ke2 Kxf5 41. Kf3 h6 42. Kg3 Ke5 0-1

[Event "RA-2011-0-00121"]
[Site "LSS email"]
[Date "2011.02.02"]
[Round "?"]
[White "Sigurdsson, Johann Helgi"]
[Black "Vera, Heraclio"]
[Result "1/2-1/2"]
[WhiteElo "2080"]
[BlackElo "2123"]
[PlyCount "80"]
[EventDate "2011.01.11"]
[EventType "tourn (corr)"]
[EventRounds "6"]
[EventCountry "GER"]
[SourceTitle "Telechess CBM 145"]
[Source "Chessbase"]
[SourceDate "2011.11.11"]
[SourceVersion "1"]
[SourceVersionDate "2011.11.11"]
[SourceQuality "1"]

1. b4 d5 2. Bb2 Nf6 3. e3 e6 4. b5 Bd6 5. c4 0-0 6. Nf3 Nbd7 7. Nc3 c5 8. Qc2 Qc7 9. Be2 b6 10. cxd5 exd5 11. 0-0 Re8 12. h3 Bb7 13. d4 c4 14. a4 h6 15. Nh4 Bf8 16. Bf3 g6 17. Rfc1 Rac8 18. Be2 Ne4 19. Nxe4 Rxe4 20. Nf3 Ree8 21. Bc3 a5 22. bxa6 Bxa6 23. Ne5 Nxe5 24. dxe5 Rxe5 25. Rab1 Bc5 26. Bf3 Qe7 27. Bxe5 Qxe5 28. Qb2 d4 29. exd4 Bxd4 30. Qe2 Qc5 31. Rc2 Kg7 32. Rd1 Rc7 33. Qd2 Rd7 34. Qc1 b5 35. axb5 Bxb5 36. g4 Qd6 37. Kg2 Qb4 38. Be2 Bc6+ 39. f3 c3 40. Rxd4 Qxd4 1/2-1/2

[Event "RA-2011-0-00121"]
[Site "LSS email"]
[Date "2011.02.02"]
[Round "?"]
[White "Szabo, Mihaly"]
[Black "Vera, Heraclio"]
[Result "0-1"]
[WhiteElo "2108"]
[BlackElo "2123"]
[PlyCount "100"]
[EventDate "2011.01.11"]
[EventType "tourn (corr)"]
[EventRounds "6"]
[EventCountry "GER"]
[SourceTitle "Telechess CBM 145"]
[Source "Chessbase"]
[SourceDate "2011.11.11"]
[SourceVersion "1"]
[SourceVersionDate "2011.11.11"]
[SourceQuality "1"]

1. e4 c5 2. Nf3 Nc6 3. Bb5 g6 4. 0-0 Bg7 5. Nc3 Nf6 6. Re1 0-0 7. h3 d6 8. d3 Nd7 9. Bg5 h6 10. Bxc6 bxc6 11. Bd2 e5 12. Qc1 Kh7 13. Rb1 Rb8 14. b3 f5 15. Qa3 Nb6 16. exf5 gxf5 17. Rbd1 Rg8 18. Kh1 Rb7 19. Ne2 Bf6 20. Rg1 Qe8 21. Rde1 Qg6 22. Ng3 Rbg7 23. c4 Nd7 24. Qc1 f4 25. Ne4 Be7 26. Bc3 Nf6 27. Qd1 Bf5 28. Bxe5 Bxe4 29. dxe4 dxe5 30. Nxe5 Qh5 31. Qxh5 Nxh5 32. Re2 Bd6 33. Ng4 Bc7 34. Rd2 Re8 35. f3 Ng3+ 36. Kh2 Kg6 37. Rgd1 h5 38. Nf2 Kg5 39. Rd7 Ree7 40. R7d2 Re8 41. Rd7 Reg8 42. Rxg7+ Rxg7 43. Nh1 Nxh1 44. Kxh1 Kf6 45. Kg1 Ke6 46. Rc1 a5 47. Kf1 Be5 48. Rd1 Rd7 49. Rxd7 Kxd7 50. Ke2 Ke6 0-1